| 000 | 00664nam a2200205 a 4500 | ||
|---|---|---|---|
| 001 | 000010710 | ||
| 005 | 20241010113234.0 | ||
| 008 | 091009s1978 dr 000 0 spa d | ||
| 040 |
_aDO-SdBNP _bspa _cBNPHU |
||
| 082 |
_a371.1 _bD814p |
||
| 100 | 1 |
_aDubeau, José _925919 |
|
| 245 | 1 | 0 |
_aProcederes : _bguía para maestros / _cJosé Dubeau ; prólogo Sebastián Rodríguez Lora. |
| 260 |
_aSanto Domingo : _bAlfa y Omega, _c1978. |
||
| 300 |
_a239 p. ; _c21 cm. |
||
| 590 | _aInventariado, 2018/VM | ||
| 650 | 0 |
_aMaestros _917439 |
|
| 650 | 0 |
_aPedagogía _9693 |
|
| 700 | 1 | 2 |
_aRodríguez Lora, Sebastián, _epról. _98611 |
| 910 | _aValidado. Control de calidad MFF | ||
| 999 |
_c10465 _d10465 |
||